| 000 | 00667nac a22002171u 4500 | ||
|---|---|---|---|
| 010 | _a 89028303 | ||
| 020 | _a0870067834 | ||
| 082 | 0 | 0 |
_a513.0886 _bMAR |
| 090 |
_c7654 _d7654 |
||
| 100 | _aMarion, Nino. | ||
| 245 | 1 | 0 |
_aMath for welders / _cby Nino A. Marion. |
| 260 |
_aSouth Holland, Ill. : _bGoodheart-Willcox Co.,c1990. _cc1990. |
||
| 300 |
_a224 p. : _bill. ; _c27 cm. |
||
| 500 | _aDistributer: Al-Ahram. | ||
| 511 | _aCatalogued By: Mahitab. | ||
| 650 | 0 |
_aWelding _xMathematics. |
|
| 942 |
_cBB _k513.0886MAR _hRDA-MOD |
||
| 999 |
_c7654 _d7654 |
||
| 336 |
_2rdacontent _atext _btxt |
||
| 337 |
_aunmediated _2rdamedia _bn |
||
| 338 |
_avolume _bnc _2rdacarrier |
||